000 00355nam a2200157Ia 4500
003 OSt
005 20240119124749.0
008 170524s9999 xx 000 0 und d
020 _a‎8177000985
040 _cIIMT UNIVERSITY
100 _aChawala Shashi
245 0 _aEngineering Chemistry
260 _bDhanpat Rai
260 _c2008
942 _2ddc
_c02
999 _c5477
_d5477